[Event "4th Essent op"]
[Site "Hoogeveen NED"]
[Date "2000.10.15"]
[Round "3.12"]
[White "Berkvens, Joost"]
[Black "De Weerd, Warner"]
[Result "1-0"]
[WhiteElo "2364"]
[BlackElo "2071"]
[EventDate "2000.10.13"]
[PlyCount "129"]

1.e4 Nf6 2.e5 Nd5 3.d4 d6 4.Nf3 Bg4 5.Be2 e6 6.O-O Be7 7.c4 Nb6 8.Be3 N8d7
9.Nbd2 O-O 10.Re1 a5 11.Qb3 a4 12.Qc3 c5 13.exd6 Bxd6 14.Ne4 Qe7 15.Nxd6 
Qxd6 16.Rad1 Qc7 17.d5 exd5 18.cxd5 Qd6 19.h3 Bf5 20.Bd3 Bxd3 21.Qxd3 Rfe8
22.Re2 Nf6 23.Red2 a3 24.bxa3 Nbxd5 25.Bg5 Qc6 26.Qf5 h6 27.Bxf6 Nxf6 28.
Rd6 Qa4 29.Rb1 Qe4 30.Qxe4 Nxe4 31.Rd7 c4 32.Rc7 Rac8 33.Rbxb7 c3 34.Nd4 
Nc5 35.Ra7 Rxc7 36.Rxc7 Re5 37.Kf1 Rd5 38.Ke2 Na6 39.Rc8+ Kh7 40.Kd3 Nc5+ 
41.Kc4 c2 42.Nb3 Rd1 43.Rxc5 c1=Q+ 44.Nxc1 Rxc1+ 45.Kd4 Rd1+ 46.Ke3 Re1+ 
47.Kd2 Re4 48.Rc2 Ra4 49.Rc3 Kg6 50.Kc2 Ra7 51.a4 Rxa4 52.Kb3 Ra8 53.a4 
Kf6 54.Re3 g6 55.Kb4 Rb8+ 56.Kc5 Ra8 57.Kb5 Rb8+ 58.Kc6 Ra8 59.Ra3 Ke7 60.
a5 Rc8+ 61.Kb7 Rc2 62.a6 Rb2+ 63.Kc7 Rc2+ 64.Kb6 Rb2+ 65.Ka5 1-0

[Event "4th Essent op"]
[Site "Hoogeveen NED"]
[Date "2000.10.15"]
[Round "3.13"]
[White "Van Kooten, Luuk"]
[Black "Gleizerov, Evgeny"]
[Result "0-1"]
[WhiteElo "2292"]
[BlackElo "2557"]
[EventDate "2000.10.13"]
[PlyCount "60"]

1.d4 e6 2.Nf3 f5 3.g3 Nf6 4.Bg2 d5 5.O-O Bd6 6.c4 c6 7.Bf4 Bxf4 8.gxf4 O-O
9.e3 Ne4 10.Ne5 Nd7 11.f3 Nd6 12.c5 Nxe5 13.fxe5 Nc4 14.Qc1 f4 15.exf4 b6 
16.f5 Rxf5 17.b3 Na5 18.f4 Qe7 19.b4 Nc4 20.Nc3 Ba6 21.Rf2 Raf8 22.a4 Qh4 
23.b5 Bb7 24.Ne4 Rxf4 25.Rxf4 Rxf4 26.Nd6 Rxd4 27.Nxb7 Rd2 28.Qe1 Qg4 29.
Qxd2 Nxd2 30.Kh1 Qd4 0-1

[Event "4th Essent op"]
[Site "Hoogeveen NED"]
[Date "2000.10.15"]
[Round "3.14"]
[White "Archangelsky, Mikhail"]
[Black "Hendriks, Richard V"]
[Result "0-1"]
[WhiteElo "2430"]
[BlackElo "2098"]
[EventDate "2000.10.13"]
[PlyCount "156"]

1.e4 e5 2.Bc4 d6 3.Nc3 Nc6 4.d3 Be7 5.f4 exf4 6.Bxf4 Bh4+ 7.g3 Bf6 8.Qd2 
Nge7 9.O-O-O Nd4 10.Nce2 O-O 11.Nxd4 Bxd4 12.Nf3 Bf6 13.d4 Bg4 14.Rdf1 d5 
15.e5 Bxf3 16.Rxf3 Bxe5 17.Bxe5 dxc4 18.Qb4 Qd5 19.Rhf1 Ng6 20.Bxc7 Qxd4 
21.Qxb7 f6 22.Rd1 Qg4 23.Qd5+ Kh8 24.Rc3 Rac8 25.Rxc4 Qe2 26.Qd3 Qe6 27.b3
Rfe8 28.Qd7 Qe3+ 29.Kb1 Qe2 30.Qd3 Qe6 31.Bd6 Rcd8 32.Rd4 Rc8 33.c4 a5 34.
c5 Ne7 35.Bxe7 Qxe7 36.Rd5 Rxc5 37.Rd7 Qe5 38.Rd8 Rc8 39.Rxc8 Rxc8 40.Qd8+
Qe8 41.Qxa5 Qe4+ 42.Ka1 Qe7 43.Qd5 h6 44.Qd2 Qc7 45.Qd3 Qe5+ 46.Kb1 Qc5 
47.a4 Qa3 48.Qb5 Qe7 49.Kb2 Qc7 50.Qd3 Qc5 51.Qd2 Re8 52.Rc1 Qe5+ 53.Qc3 
Qe4 54.a5 Ra8 55.Rc2 Qd5 56.Qc5 Qd3 57.b4 Re8 58.Qc4 Qd1 59.a6 Qd7 60.Qc6 
Qd4+ 61.Ka2 Rb8 62.Qc5 Qd7 63.Qc6 Qd4 64.Qc5 Qd7 65.Ka3 Qd3+ 66.Kb2 Qxa6 
67.Qc4 Qa4 68.Kc3 Qa3+ 69.Kd2 Rd8+ 70.Ke2 Re8+ 71.Kf2 Qe3+ 72.Kg2 f5 73.
Rf2 Qe5 74.Qf4 Qd5+ 75.Kh3 Rf8 76.Qf3 Qb5 77.Qf4 Qd5 78.g4 fxg4+ 0-1

[Event "4th Essent op"]
[Site "Hoogeveen NED"]
[Date "2000.10.16"]
[Round "4.2"]
[White "Epishin, Vladimir"]
[Black "Werle, Jan"]
[Result "1-0"]
[WhiteElo "2567"]
[BlackElo "2311"]
[EventDate "2000.10.13"]
[PlyCount "77"]

1.d4 Nf6 2.c4 e6 3.Nc3 Bb4 4.e3 O-O 5.Ne2 d5 6.a3 Be7 7.Nf4 b6 8.Be2 Bb7 
9.O-O Nbd7 10.Qc2 c6 11.b4 dxc4 12.Bxc4 e5 13.dxe5 Nxe5 14.Bb3 a5 15.bxa5 
Rxa5 16.Rd1 Qb8 17.Bb2 Rc5 18.Rd4 Ba6 19.Rad1 Bc4 20.a4 b5 21.Bxc4 Rxc4 
22.Rxc4 Nxc4 23.axb5 cxb5 24.Ncd5 Nxd5 25.Nxd5 Bd6 26.g3 Nxb2 27.Qxb2 b4 
28.Qb3 Rc8 29.e4 Bf8 30.Kg2 Qe5 31.f3 Ra8 32.Qc2 h6 33.Nb6 Ra3 34.Rd8 Rc3 
35.Qa4 Qc5 36.Nd5 Rc2+ 37.Kh3 g6 38.Qe8 Kg7 39.Rd7 1-0

[Event "4th Essent op"]
[Site "Hoogeveen NED"]
[Date "2000.10.16"]
[Round "4.4"]
[White "Tiviakov, Sergei"]
[Black "Cifuentes Parada, Roberto"]
[Result "1/2-1/2"]
[WhiteElo "2608"]
[BlackElo "2490"]
[EventDate "2000.10.13"]
[PlyCount "41"]

1.e4 c5 2.Nf3 Nc6 3.d4 cxd4 4.Nxd4 Nf6 5.Nc3 e5 6.Ndb5 d6 7.Bg5 a6 8.Na3 
b5 9.Nd5 Be7 10.Bxf6 Bxf6 11.c3 Bg5 12.Nc2 O-O 13.a4 bxa4 14.Rxa4 a5 15.
Bb5 Ne7 16.Ncb4 Bd7 17.Nxe7+ Bxe7 18.Nc6 Qe8 19.Nxe7+ Qxe7 20.Bxd7 Qxd7 
21.O-O 1/2-1/2

[Event "4th Essent op"]
[Site "Hoogeveen NED"]
[Date "2000.10.16"]
[Round "4.5"]
[White "Peng, Zhaoqin"]
[Black "Van der Wiel, John"]
[Result "1/2-1/2"]
[WhiteElo "2403"]
[BlackElo "2531"]
[EventDate "2000.10.13"]
[PlyCount "42"]

1.d4 Nf6 2.Nf3 e6 3.c4 b6 4.g3 Ba6 5.b3 Bb4+ 6.Bd2 Be7 7.Bg2 c6 8.O-O d5 
9.Qc2 Nbd7 10.Rd1 O-O 11.Bf4 Rc8 12.Nc3 b5 13.c5 b4 14.Na4 Bb5 15.Ne1 Nh5 
16.Be3 f5 17.Nd3 Bxd3 18.Qxd3 e5 19.dxe5 Nxe5 20.Qd2 Rb8 21.Bd4 Qc7 
1/2-1/2

[Event "4th Essent op"]
[Site "Hoogeveen NED"]
[Date "2000.10.16"]
[Round "4.6"]
[White "Jonkman, Harmen"]
[Black "Aagaard, Jacob"]
[Result "1/2-1/2"]
[WhiteElo "2424"]
[BlackElo "2389"]
[EventDate "2000.10.13"]
[PlyCount "84"]

1.e4 e6 2.d4 d5 3.e5 c5 4.c3 Nc6 5.Nf3 Nge7 6.Bd3 cxd4 7.cxd4 Nf5 8.Bc2 
Nh4 9.Nxh4 Qxh4 10.Be3 Bd7 11.O-O f5 12.f4 Rc8 13.Nd2 Be7 14.a3 Na5 15.Bd3
b5 16.b3 O-O 17.Nf3 Qh5 18.Bd2 Bd8 19.Bb4 Re8 20.Bc5 a6 21.Rb1 h6 22.Be2 
Qf7 23.Qd2 Kh8 24.h3 Rg8 25.Rf2 Nb7 26.b4 g5 27.fxg5 Bxg5 28.Nxg5 hxg5 29.
g4 Qh7 30.Rbf1 Rg6 31.Rh2 Rcg8 32.Bf3 Nxc5 33.dxc5 f4 34.h4 gxh4 35.Qxf4 
Bc6 36.Rh3 d4 37.Kh1 Bxf3+ 38.Qxf3 Rxg4 39.Qf6+ R8g7 40.Qd8+ Rg8 41.Qf6+ 
R8g7 42.Qf8+ Rg8 1/2-1/2

[Event "4th Essent op"]
[Site "Hoogeveen NED"]
[Date "2000.10.16"]
[Round "4.7"]
[White "Dzhakaev, Dzhakay"]
[Black "Visser, Yge"]
[Result "0-1"]
[WhiteElo "2403"]
[BlackElo "2418"]
[EventDate "2000.10.13"]
[PlyCount "72"]

1.e4 e6 2.d4 d5 3.Nd2 Nf6 4.e5 Nfd7 5.c3 c5 6.Bd3 Nc6 7.Ne2 cxd4 8.cxd4 f6
9.exf6 Nxf6 10.Nf3 Bd6 11.O-O O-O 12.Bf4 Nh5 13.Bxd6 Qxd6 14.Qd2 Bd7 15.
Rad1 a6 16.Rfe1 Rxf3 17.gxf3 Rf8 18.Qg5 g6 19.Kh1 Rxf3 20.Rg1 Nf4 21.Qg4 
Rxd3 22.Qxf4 Qxf4 23.Nxf4 Rxd4 24.Rxd4 Nxd4 25.Re1 Kf7 26.Kg2 Bb5 27.Rd1 
Nf5 28.Rc1 Kf6 29.Rc7 d4 30.Kf3 d3 31.Rc1 g5 32.Nh5+ Kg6 33.Ng3 Bc6+ 34.
Rxc6 bxc6 35.Ne4 h5 36.Nc5 g4+ 0-1

[Event "4th Essent op"]
[Site "Hoogeveen NED"]
[Date "2000.10.16"]
[Round "4.10"]
[White "Ernst, Sipke"]
[Black "Hendriks, Richard V"]
[Result "1-0"]
[WhiteElo "2373"]
[BlackElo "2098"]
[EventDate "2000.10.13"]
[PlyCount "111"]

1.d4 Nf6 2.c4 e6 3.g3 Bb4+ 4.Bd2 Qe7 5.Bg2 Nc6 6.Nf3 Bxd2+ 7.Nbxd2 d6 8.
O-O O-O 9.e4 e5 10.d5 Nb8 11.Ne1 a5 12.Qe2 Na6 13.b3 Bd7 14.Rb1 c6 15.Nd3 
cxd5 16.exd5 Bf5 17.Ne4 Bxe4 18.Bxe4 Nxe4 19.Qxe4 Qc7 20.Qe3 f5 21.Rbc1 b6
22.f4 e4 23.Ne1 Qc5 24.Kf2 Rfc8 25.Nc2 Nb4 26.Nd4 Nd3+ 27.Ke2 Nxc1+ 28.
Rxc1 Rf8 29.Qc3 Rf7 30.a4 Re8 31.Rg1 Rc8 32.Rd1 Re8 33.Ne6 Qc8 34.Qd4 Rb7 
35.Rg1 Rxe6 36.dxe6 Qxe6 37.Rd1 Qh6 38.h4 Qh5+ 39.Kd2 Qf3 40.Qe3 Qg2+ 41.
Kc3 Rd7 42.Rg1 Qa2 43.Qxb6 Qe2 44.Qd4 Kf8 45.c5 d5 46.Rd1 e3 47.h5 h6 48.
c6 Rd8 49.c7 Rc8 50.Qc5+ Ke8 51.Rxd5 Qe1+ 52.Kb2 Qe2+ 53.Ka3 Qf1 54.Qc6+ 
Kf7 55.Qd7+ Kf6 56.Rxf5# 1-0

[Event "4th Essent op"]
[Site "Hoogeveen NED"]
[Date "2000.10.16"]
[Round "4.11"]
[White "Pel, Bonno"]
[Black "Timmermans, Ivo"]
[Result "1/2-1/2"]
[WhiteElo "2300"]
[BlackElo "2200"]
[EventDate "2000.10.13"]
[PlyCount "57"]

1.Nc3 c5 2.Nf3 Nc6 3.d4 cxd4 4.Nxd4 Nf6 5.g3 d5 6.Bg5 a6 7.Bg2 e5 8.Nb3 d4
9.Nd5 Nb4 10.Nxb4 Bxb4+ 11.Bd2 Qb6 12.Bxb4 Qxb4+ 13.Qd2 Qxd2+ 14.Nxd2 O-O 
15.Nc4 Re8 16.O-O-O Rb8 17.h3 Kf8 18.Nd6 Re7 19.Nxc8 Rxc8 20.Rd2 h5 21.Re1
h4 22.gxh4 Nh5 23.e3 dxe3 24.fxe3 e4 25.Rd5 g6 26.Red1 Rcc7 27.c3 Kg7 28.
Kd2 Ng3 29.Ke1 1/2-1/2

[Event "4th Essent op"]
[Site "Hoogeveen NED"]
[Date "2000.10.16"]
[Round "4.14"]
[White "Shklovski, Vladislav"]
[Black "Van der Veen, Jan"]
[Result "1-0"]
[WhiteElo "2220"]
[BlackElo "2092"]
[EventDate "2000.10.13"]
[PlyCount "107"]

1.e4 e5 2.Nf3 Nc6 3.Bb5 Nf6 4.d3 d6 5.c3 g6 6.O-O Bg7 7.d4 Bd7 8.d5 Ne7 9.
Bxd7+ Qxd7 10.Qd3 O-O 11.c4 Nh5 12.Nc3 h6 13.Qe2 Kh7 14.Bd2 Rae8 15.Rac1 
a6 16.Rfe1 f5 17.b4 fxe4 18.Nxe4 Nf4 19.Bxf4 exf4 20.Qd3 Nf5 21.c5 Qd8 22.
h3 Re7 23.a4 Rfe8 24.c6 b6 25.g4 fxg3 26.fxg3 Rf7 27.Kg2 Ref8 28.Rf1 Kg8 
29.Rce1 g5 30.g4 Nh4+ 31.Nxh4 gxh4 32.Qxa6 Rxf1 33.Rxf1 Re8 34.Qd3 Qe7 35.
Re1 Qf7 36.Re2 Re5 37.Nc3 Qe8 38.Rxe5 Qxe5 39.Ne2 Qb2 40.Qe4 Qd2 41.Kf3 
Qd1 42.Qe6+ Kh7 43.Qf5+ Kh8 44.Qc8+ Kh7 45.Qxc7 Qf1+ 46.Ke3 Qxh3+ 47.Kd2 
Qxg4 48.Qxd6 Qg5+ 49.Kd1 Qe3 50.Qe6 Qd3+ 51.Ke1 h3 52.Kf2 Bd4+ 53.Nxd4 
Qxd4+ 54.Kg3 1-0

[Event "4th Essent op"]
[Site "Hoogeveen NED"]
[Date "2000.10.16"]
[Round "4.15"]
[White "Rooda, Kai P"]
[Black "De Weerd, Warner"]
[Result "0-1"]
[WhiteElo "2202"]
[BlackElo "2071"]
[EventDate "2000.10.13"]
[PlyCount "54"]

1.d4 Nf6 2.Nf3 g6 3.c4 Bg7 4.Nc3 d6 5.e4 O-O 6.Be2 Na6 7.O-O c5 8.Qc2 Nb4 
9.Qb3 cxd4 10.Nxd4 a5 11.Rd1 Nd7 12.Na4 b6 13.Be3 Nc5 14.Nxc5 bxc5 15.Nb5 
a4 16.Qa3 Nc2 17.Qd3 Nxa1 18.Qb1 Bd7 19.Qxa1 a3 20.Nc3 Qa5 21.Bd2 axb2 22.
Qxb2 Bxc3 23.Qxc3 Qxc3 24.Bxc3 Rxa2 25.Bf3 Rc2 26.Bd2 Rxc4 27.e5 Rd4 0-1

[Event "4th Essent op"]
[Site "Hoogeveen NED"]
[Date "2000.10.17"]
[Round "5.2"]
[White "Kharitonov, Andrei Y"]
[Black "Epishin, Vladimir"]
[Result "1/2-1/2"]
[WhiteElo "2539"]
[BlackElo "2567"]
[EventDate "2000.10.13"]
[PlyCount "47"]

1.Nf3 g6 2.e4 d5 3.exd5 Qxd5 4.Nc3 Qd6 5.Bc4 Nf6 6.O-O Bg7 7.d4 O-O 8.h3 
a6 9.Qe2 b5 10.Bd3 Nc6 11.Rd1 Be6 12.Ne4 Nxe4 13.Bxe4 Bc4 14.Qe1 Rad8 15.
c3 Bd5 16.Bxd5 Qxd5 17.Bf4 Rd7 18.Qe2 Rfd8 19.Re1 h6 20.a4 e6 21.axb5 axb5
22.Ra6 b4 23.Bg3 bxc3 24.bxc3 1/2-1/2

[Event "4th Essent op"]
[Site "Hoogeveen NED"]
[Date "2000.10.17"]
[Round "5.3"]
[White "Visser, Yge"]
[Black "Cifuentes Parada, Roberto"]
[Result "0-1"]
[WhiteElo "2418"]
[BlackElo "2490"]
[EventDate "2000.10.13"]
[PlyCount "54"]

1.e4 e5 2.Nf3 d6 3.d4 Nf6 4.Nc3 Nbd7 5.g3 c6 6.Bg2 b5 7.O-O Be7 8.Re1 O-O 
9.b3 Bb7 10.Bb2 Re8 11.a4 a6 12.Qd2 Bf8 13.axb5 axb5 14.Rxa8 Qxa8 15.dxe5 
dxe5 16.Ra1 Qb8 17.Nh4 Nc5 18.f3 Rd8 19.Qe1 Ne6 20.Ne2 c5 21.Nf5 g6 22.Ne3
Nd4 23.Nxd4 exd4 24.Nd1 c4 25.e5 Nd5 26.Bxd4 Nb4 27.Qf2 Rxd4 0-1

[Event "4th Essent op"]
[Site "Hoogeveen NED"]
[Date "2000.10.17"]
[Round "5.4"]
[White "Tiviakov, Sergei"]
[Black "Peng, Zhaoqin"]
[Result "1-0"]
[WhiteElo "2608"]
[BlackElo "2403"]
[EventDate "2000.10.13"]
[PlyCount "95"]

1.e4 e6 2.d4 d5 3.Nd2 c5 4.exd5 Qxd5 5.Ngf3 cxd4 6.Bc4 Qd6 7.O-O Nf6 8.Nb3
Nc6 9.Nbxd4 Nxd4 10.Nxd4 a6 11.b3 Qc7 12.Bb2 Bd6 13.Nf3 b5 14.Bd3 Bb7 15.
a4 b4 16.Re1 O-O 17.Ne5 Rfd8 18.Qe2 a5 19.Ng4 Nxg4 20.Qxg4 f5 21.Qh3 Bd5 
22.g4 Rf8 23.gxf5 exf5 24.Rad1 Qf7 25.Kf1 Rad8 26.Be2 Kh8 27.Qh6 Bc5 28.
Bh5 Qb7 29.Rxd5 Rxd5 30.Bf3 Bd4 31.Qe6 Bxb2 32.Bxd5 Qb8 33.Kg2 h6 34.Bc4 
Qf4 35.Qe3 Qd6 36.Qf3 Qg6+ 37.Kh1 Bc3 38.Rg1 Qf6 39.Bd3 Bd4 40.Re1 Qg5 41.
Qg3 Qf6 42.Bc4 f4 43.Qf3 Bc5 44.Bd3 Qd4 45.Kg2 Kg8 46.h4 Kh8 47.h5 Qd7 48.
Re5 1-0

[Event "4th Essent op"]
[Site "Hoogeveen NED"]
[Date "2000.10.17"]
[Round "5.7"]
[White "Van der Wiel, John"]
[Black "Hommeles, Theo"]
[Result "1-0"]
[WhiteElo "2531"]
[BlackElo "2409"]
[EventDate "2000.10.13"]
[PlyCount "71"]

1.e4 e5 2.Nf3 Nc6 3.d4 exd4 4.Nxd4 Bb4+ 5.c3 Bc5 6.Nxc6 bxc6 7.Bd3 Qh4 8.
Qe2 Nf6 9.Be3 Bxe3 10.Qxe3 O-O 11.Nd2 d5 12.O-O Re8 13.f3 Bf5 14.Rae1 Re6 
15.g3 Qh3 16.Qf4 Rae8 17.Qxc7 dxe4 18.Bxe4 Qh6 19.Rf2 Qg5 20.Qxa7 Nd5 21.
Nf1 Nf4 22.h4 Qh5 23.gxf4 Qxh4 24.Nh2 Bh3 25.f5 Rh6 26.Qe3 Bxf5 27.Ra1 Bh3
28.Kh1 Rhe6 29.Rg1 f5 30.Qd4 g6 31.Bd3 Qxd4 32.cxd4 Re3 33.Bc4+ Kg7 34.Nf1
f4 35.Nxe3 fxe3 36.Re2 1-0

[Event "4th Essent op"]
[Site "Hoogeveen NED"]
[Date "2000.10.17"]
[Round "5.8"]
[White "Werle, Jan"]
[Black "Jonkman, Harmen"]
[Result "1/2-1/2"]
[WhiteElo "2311"]
[BlackElo "2424"]
[EventDate "2000.10.13"]
[PlyCount "95"]

1.Nf3 d5 2.d4 Nf6 3.c4 dxc4 4.e3 a6 5.Bxc4 e6 6.a3 b5 7.Ba2 Bb7 8.O-O Nbd7
9.Nc3 Be7 10.Qe2 c5 11.Rd1 Qb8 12.e4 b4 13.axb4 cxb4 14.e5 bxc3 15.exf6 c2
16.Qxc2 Bxf3 17.fxg7 Rg8 18.gxf3 Rxg7+ 19.Kh1 Bd6 20.d5 e5 21.Be3 Qb4 22.
Qc6 Rd8 23.Bb1 Qh4 24.Bf5 Ke7 25.Rxa6 Qf6 26.Be4 Rgg8 27.Rc1 Nb8 28.Ra7+ 
Rd7 29.Rxd7+ Nxd7 30.Rg1 Rxg1+ 31.Kxg1 Qh4 32.Bf5 Nf8 33.Qc8 Qb4 34.Bg5+ 
f6 35.Bh6 Kf7 36.Bg4 Kg6 37.Be3 Qxb2 38.Bh5+ Kg7 39.Qg4+ Kh8 40.Qf5 Kg7 
41.Qg4+ Kh8 42.Bf7 Qb1+ 43.Kg2 Ng6 44.Bh6 Qf5 45.Be6 Nf4+ 46.Kg3 Qg6 47.
Bxf4 exf4+ 48.Kg2 1/2-1/2

[Event "4th Essent op"]
[Site "Hoogeveen NED"]
[Date "2000.10.17"]
[Round "5.9"]
[White "Dzhakaev, Dzhakay"]
[Black "Ernst, Sipke"]
[Result "1/2-1/2"]
[WhiteElo "2403"]
[BlackElo "2373"]
[EventDate "2000.10.13"]
[PlyCount "160"]

1.e4 e5 2.Nf3 Nc6 3.Bb5 Nf6 4.d3 d6 5.c3 Bd7 6.O-O g6 7.Re1 Bg7 8.d4 O-O 
9.d5 Ne7 10.Bxd7 Qxd7 11.c4 c6 12.Nc3 cxd5 13.cxd5 b5 14.Qb3 Rfb8 15.a4 
bxa4 16.Qxa4 Qxa4 17.Rxa4 Nd7 18.Ra6 Nc8 19.Rc6 Nc5 20.Rd1 Nb3 21.g4 Bf8 
22.Be3 Na5 23.Rc7 Rxb2 24.Ra1 Rb7 25.Rxb7 Nxb7 26.Nb5 Nd8 27.Nd2 Rb8 28.
Nxa7 Ra8 29.Nc4 Be7 30.Kf1 Kf8 31.Ke2 Ke8 32.Ra3 Nb7 33.Nxc8 Rxc8 34.Kd3 
Nd8 35.Ra6 Nb7 36.Ra7 Rb8 37.Bb6 Nd8 38.Bc7 Rb3+ 39.Kc2 Rb7 40.Rxb7 Nxb7 
41.Kc3 Nc5 42.f3 Kd7 43.Bb6 Na4+ 44.Kb4 Nxb6 45.Nxb6+ Kc7 46.Kb5 Bg5 47.
Nc4 Bf4 48.h3 Bg3 49.Ka6 Bf2 50.Na3 Bc5 51.Nb5+ Kc8 52.Nc3 Kc7 53.Ne2 Be3 
54.h4 Bf2 55.h5 Be3 56.Nc3 Bc5 57.Kb5 Bd4 58.Ne2 Bc5 59.Nc1 Be3 60.Nd3 Bd2
61.Ka6 Be3 62.Ka5 Bd2+ 63.Kb5 Be3 64.Ka6 Bd2 65.Nb2 Be3 66.Nc4 Bf2 67.Na5 
Bg1 68.Nc6 Be3 69.Ne7 Bg5 70.Ng8 Kd7 71.Kb7 Ke8 72.Kc7 Kf8 73.Kxd6 Kxg8 
74.Kxe5 Kf8 75.hxg6 hxg6 76.d6 Bh4 77.Kd5 Ke8 78.f4 Bg3 79.f5 gxf5 80.exf5
Bf4 1/2-1/2

[Event "4th Essent op"]
[Site "Hoogeveen NED"]
[Date "2000.10.17"]
[Round "5.10"]
[White "De Weerd, Warner"]
[Black "Shklovski, Vladislav"]
[Result "1/2-1/2"]
[WhiteElo "2071"]
[BlackElo "2220"]
[EventDate "2000.10.13"]
[PlyCount "111"]

1.c4 g6 2.b3 Bg7 3.Nc3 e5 4.g3 Nc6 5.Bg2 d6 6.Bb2 Be6 7.h4 Nf6 8.Nh3 h6 9.
e4 Qd7 10.d3 O-O 11.Ne2 Ng4 12.Qd2 f5 13.f3 Nf6 14.Nf2 a5 15.O-O Kh7 16.
Kh2 Qe7 17.Rh1 Nd7 18.Rae1 fxe4 19.Nxe4 Nc5 20.Nxc5 dxc5 21.f4 Qd6 22.Rhf1
Bf5 23.Bxc6 bxc6 24.fxe5 Qxd3 25.Qxd3 Bxd3 26.Rxf8 Rxf8 27.Nf4 Bf5 28.Bc3 
Ra8 29.Re2 a4 30.Be1 axb3 31.axb3 g5 32.hxg5 hxg5 33.Nh3 Bg4 34.Re3 Kg6 
35.Nf2 Ra2 36.Kg1 Bf5 37.g4 Be6 38.Nd3 Bf8 39.Nf2 Ra3 40.Bd2 Ra2 41.Bc3 
Be7 42.Kf1 Ra3 43.Bd2 Ra1+ 44.Ke2 Rg1 45.Kf3 Rf1 46.Be1 Rg1 47.Re4 Kf7 48.
Re3 Ke8 49.Ba5 Kd7 50.Re1 Rxe1 51.Bxe1 Bg8 52.Ba5 Bh7 53.Ne4 Bg6 54.Ke3 
Bh7 55.Kf3 Bg6 56.Ke3 1/2-1/2

[Event "4th Essent op"]
[Site "Hoogeveen NED"]
[Date "2000.10.17"]
[Round "5.11"]
[White "Archangelsky, Mikhail"]
[Black "Markus, John Raymond"]
[Result "0-1"]
[WhiteElo "2430"]
[BlackElo "2238"]
[EventDate "2000.10.13"]
[PlyCount "122"]

1.f4 e5 2.fxe5 d6 3.exd6 Bxd6 4.Nf3 Nf6 5.e3 Ng4 6.Qe2 O-O 7.g3 Nc6 8.Bg2 
Nb4 9.Na3 c5 10.O-O Be6 11.b3 a6 12.c3 Nc6 13.Nc2 Rc8 14.d3 b5 15.e4 Be5 
16.Bb2 b4 17.Nxe5 Ngxe5 18.Ne1 bxc3 19.Bxc3 Nd4 20.Qe3 h6 21.h3 Qd7 22.Kh2
Rfd8 23.Rf2 Qd6 24.Rd1 Rd7 25.Bxd4 cxd4 26.Qf4 f6 27.Nf3 Rc3 28.Nxe5 fxe5 
29.Qh4 a5 30.Bf1 Qe7 31.Qh5 Bf7 32.Qf3 Rd6 33.Qe2 Rdc6 34.Rd2 Rc7 35.Qd1 
Be8 36.Rf3 Qg5 37.h4 Qxd2+ 38.Qxd2 Rc2 39.Rf2 Rxd2 40.Rxd2 Rc1 41.Kg2 Kf7 
42.Kf2 Ke7 43.Bh3 Kd6 44.Ke2 Bh5+ 45.g4 Rh1 46.gxh5 Rxh3 47.Rd1 Rxh4 48.
Rg1 Rxh5 49.Rxg7 Rh2+ 50.Ke1 Rxa2 51.Rg6+ Kc5 52.Rxh6 Kb4 53.Rc6 Kxb3 54.
Rc5 a4 55.Rxe5 Kc3 56.Rd5 Kxd3 57.e5 Ke3 58.Kf1 Rf2+ 59.Kg1 Rf5 60.Ra5 d3 
61.Rxa4 d2 0-1

[Event "4th Essent op"]
[Site "Hoogeveen NED"]
[Date "2000.10.17"]
[Round "5.12"]
[White "Hendriks, Richard V"]
[Black "Pel, Bonno"]
[Result "0-1"]
[WhiteElo "2098"]
[BlackElo "2300"]
[EventDate "2000.10.13"]
[PlyCount "76"]

1.e4 g6 2.d4 d6 3.Nc3 Nf6 4.Nf3 c6 5.Bf4 Bg7 6.Qd2 Bg4 7.O-O-O b5 8.Qe3 b4
9.Nb1 Qa5 10.Bc4 d5 11.exd5 cxd5 12.Bb3 Bxf3 13.Qxf3 O-O 14.g4 Nc6 15.h4 
h5 16.gxh5 Nxh5 17.Be3 e6 18.Rdg1 Qb6 19.Rg5 Nxd4 20.Qg2 Nxb3+ 21.axb3 d4 
22.Bd2 d3 23.Be3 Qd8 24.c3 bxc3 25.bxc3 Rc8 26.Kd2 e5 27.Rg1 Qf6 28.Qe4 
Rfd8 29.R1g4 Rd6 30.Na3 Qe6 31.Nc4 Nf6 32.Qb7 Nxg4 33.Nxd6 Rd8 34.Rxg4 
Rxd6 35.Rc4 Rd7 36.Qc8+ Kh7 37.Rc6 Qg4 38.f3 Qg2+ 0-1

[Event "4th Essent op"]
[Site "Hoogeveen NED"]
[Date "2000.10.17"]
[Round "5.18"]
[White "Gorecki, Zbigniew"]
[Black "Van Otten, Gerard J"]
[Result "0-1"]
[WhiteElo "2005"]
[BlackElo "2226"]
[EventDate "2000.10.13"]
[PlyCount "90"]

1.d4 Nf6 2.c4 g6 3.Nc3 Bg7 4.e4 d6 5.Be2 O-O 6.Bg5 Nbd7 7.f4 c5 8.d5 Qa5 
9.Qd2 b5 10.cxb5 a6 11.Nf3 axb5 12.e5 b4 13.exf6 bxc3 14.Qxc3 Nxf6 15.Qxa5
Rxa5 16.Bc4 Ba6 17.Nd2 Rb8 18.Bb3 Ng4 19.h3 Ne3 20.Kf2 Nf5 21.g4 h6 22.
gxf5 hxg5 23.fxg6 fxg6 24.fxg5 Bxb2 25.Rad1 Rf8+ 26.Nf3 c4 27.Bc2 Ra3 28.
Be4 Rxa2 29.Kg3 Ra3 30.Kg4 Bc8+ 31.Kg3 Bf5 32.Bxf5 Rxf5 33.Rhf1 Rxg5+ 34.
Kf4 Rf5+ 35.Kg4 Bf6 36.h4 c3 37.Rd3 Ra4+ 38.Kh3 c2 39.Rc1 Rc4 40.Nd2 Rxh4+
41.Kg3 Rhh5 42.Rxc2 Rhg5+ 43.Kh3 Be5 44.Ne4 Rh5+ 45.Kg4 Rf4+ 0-1

[Event "4th Essent op"]
[Site "Hoogeveen NED"]
[Date "2000.10.18"]
[Round "6.1"]
[White "Cifuentes Parada, Roberto"]
[Black "Ulybin, Mikhail"]
[Result "1/2-1/2"]
[WhiteElo "2490"]
[BlackElo "2583"]
[EventDate "2000.10.13"]
[PlyCount "75"]

1.c4 e5 2.g3 Nc6 3.Bg2 g6 4.Nc3 Bg7 5.d3 d6 6.Rb1 a5 7.a3 f5 8.e3 Nf6 9.
Nge2 O-O 10.b4 axb4 11.axb4 Ne7 12.Qb3 Rb8 13.b5 Kh8 14.O-O b6 15.Bd2 Bb7 
16.Bxb7 Rxb7 17.Nd5 Nexd5 18.cxd5 g5 19.f3 f4 20.gxf4 gxf4 21.exf4 Nd7 22.
fxe5 Nxe5 23.d4 Ng6 24.f4 Nh4 25.Ng3 Qd7 26.f5 Nxf5 27.Qd3 Nxg3 28.Rxf8+ 
Bxf8 29.hxg3 Rb8 30.Re1 Re8 31.Kg2 Rxe1 32.Bxe1 Bg7 33.Bf2 Bf6 34.Kf3 Qh3 
35.Ke2 Qh5+ 36.Qf3 Qxf3+ 37.Kxf3 Kg7 38.g4 1/2-1/2

[Event "4th Essent op"]
[Site "Hoogeveen NED"]
[Date "2000.10.18"]
[Round "6.2"]
[White "Epishin, Vladimir"]
[Black "Dvoirys, Semen I"]
[Result "1-0"]
[WhiteElo "2567"]
[BlackElo "2562"]
[EventDate "2000.10.13"]
[PlyCount "131"]

1.d4 Nf6 2.c4 g6 3.Nc3 d5 4.Nf3 Bg7 5.Qb3 dxc4 6.Qxc4 O-O 7.e4 Bg4 8.Be3 
Nfd7 9.Qb3 c5 10.d5 Na6 11.Be2 Nb6 12.Rd1 Qd6 13.O-O Rac8 14.Nb5 Qb8 15.
Bg5 c4 16.Qe3 Rc5 17.Nc3 Re8 18.Bf4 Qc8 19.a3 Ra5 20.h3 Bxf3 21.Bxf3 Nc5 
22.Bg4 Qd8 23.Bh6 Bxh6 24.Qxh6 Nba4 25.Nxa4 Rxa4 26.Qe3 Qb6 27.e5 Ra5 28.
Rc1 Nd3 29.Qxb6 axb6 30.Rxc4 Nxe5 31.Rb4 Rxd5 32.Rxb6 Nxg4 33.hxg4 Rd7 34.
Rc1 e5 35.Rc3 Kf8 36.b4 Ke7 37.a4 Kd8 38.a5 Rc7 39.Rxc7 Kxc7 40.Rf6 Re7 
41.g5 Rd7 42.b5 e4 43.Kf1 Kc8 44.Ke2 Rd5 45.b6 Rxa5 46.Rxf7 Rxg5 47.Rc7+ 
Kd8 48.Rxb7 h5 49.Rg7 Kc8 50.g3 Rg4 51.Ke3 g5 52.Kd4 h4 53.gxh4 Rxh4 54.
Rxg5 Kb7 55.Rb5 Rf4 56.Rb2 Rh4 57.Ke3 Rg4 58.Rb4 Rg7 59.Rxe4 Kxb6 60.Rc4 
Rg8 61.f4 Kb5 62.Rc1 Re8+ 63.Kd4 Rf8 64.Ke5 Re8+ 65.Kd5 Rd8+ 66.Ke6 1-0

[Event "4th Essent op"]
[Site "Hoogeveen NED"]
[Date "2000.10.18"]
[Round "6.5"]
[White "Jonkman, Harmen"]
[Black "Van der Wiel, John"]
[Result "1/2-1/2"]
[WhiteElo "2424"]
[BlackElo "2531"]
[EventDate "2000.10.13"]
[PlyCount "100"]

1.e4 e5 2.Nf3 Nc6 3.Bc4 Nf6 4.d3 Be7 5.c3 O-O 6.O-O d5 7.exd5 Nxd5 8.h3 
Nb6 9.Bb5 f6 10.Re1 Bd7 11.d4 Nxd4 12.Bxd7 Nxf3+ 13.Qxf3 Qxd7 14.Qxb7 f5 
15.b3 e4 16.Bf4 c6 17.Qa6 Bf6 18.Na3 Bxc3 19.Red1 Qc8 20.Qxc8 Raxc8 21.
Rab1 Nd5 22.Bd2 f4 23.Nc4 Bxd2 24.Rxd2 e3 25.fxe3 fxe3 26.Rd3 e2 27.Re1 
Rcd8 28.g3 Nc3 29.Rxd8 Rxd8 30.a4 Rd3 31.Kg2 c5 32.Ne5 Rd5 33.Nf3 Rd3 34.
Rc1 Ne4 35.Rc4 Nd2 36.Ne1 Rxb3 37.Rc2 Ne4 38.Rxe2 Nxg3 39.Re7 a5 40.Nf3 
Nf5 41.Ra7 Ne3+ 42.Kf2 Nc4 43.Ng5 g6 44.Nxh7 Rxh3 45.Nf6+ Kh8 46.Rc7 Nd6 
47.Rc6 Nf7 48.Rxc5 Kg7 49.Ne8+ Kf8 50.Nc7 Rh5 1/2-1/2

[Event "4th Essent op"]
[Site "Hoogeveen NED"]
[Date "2000.10.18"]
[Round "6.8"]
[White "Pel, Bonno"]
[Black "Peng, Zhaoqin"]
[Result "1-0"]
[WhiteElo "2300"]
[BlackElo "2403"]
[EventDate "2000.10.13"]
[PlyCount "81"]

1.Nc3 c5 2.Nf3 d5 3.e4 d4 4.Ne2 g6 5.Ng3 Nf6 6.Bc4 Bg7 7.d3 Nc6 8.a4 O-O 
9.Bf4 Qb6 10.O-O Nd7 11.Qd2 a6 12.a5 Qd8 13.h4 Nf6 14.h5 Ng4 15.Bb3 e5 16.
Bg5 Qd6 17.hxg6 hxg6 18.Qe2 Bf6 19.Qd2 Bg7 20.Qe2 Be6 21.Bxe6 Qxe6 22.Bc1 
Bh6 23.Bxh6 Nxh6 24.Nd2 Kg7 25.Nc4 Rad8 26.f4 exf4 27.Rxf4 Ne5 28.Nxe5 
Qxe5 29.Raf1 Rd7 30.Qf3 Re8 31.Rh4 Qg5 32.Rf4 Re6 33.Ne2 Qe5 34.Qh3 g5 35.
R4f2 Rd8 36.Ng3 Rh8 37.Nh5+ Kf8 38.Nf6 Ke7 39.Nd5+ Kd8 40.Rf6 Rxf6 41.Rxf6
1-0

[Event "4th Essent op"]
[Site "Hoogeveen NED"]
[Date "2000.10.18"]
[Round "6.9"]
[White "De Jong, Migchiel"]
[Black "Dzhakaev, Dzhakay"]
[Result "0-1"]
[WhiteElo "2276"]
[BlackElo "2403"]
[EventDate "2000.10.13"]
[PlyCount "58"]

1.Nf3 d5 2.b3 Bg4 3.Ne5 Bh5 4.Bb2 Nd7 5.Nd3 f6 6.c4 dxc4 7.bxc4 e5 8.Qb3 
Bg6 9.Na3 c6 10.e3 Qb6 11.Qc3 Rd8 12.O-O-O Nh6 13.Be2 a5 14.c5 Nxc5 15.Nc4
Nxd3+ 16.Bxd3 Qb4 17.Bxg6+ hxg6 18.Qc2 b5 19.Qxg6+ Nf7 20.Na3 Qa4 21.Nc2 
Rh6 22.Qf5 Qxa2 23.d4 Nd6 24.Qg4 f5 25.Qg3 Nc4 26.Bc3 Ba3+ 27.Nxa3 Qxa3+ 
28.Kc2 b4 29.Ba1 Qa2+ 0-1